[Event "15th International Khazar Cup (Masters) 2017"]
[Site "Rasht,Guilan,Iran"]
[Date "2017.01.26"]
[Round "8"]
[Board "11"]
[White "Sammalvuo, Tapani"]
[Black "Abedi, Ali"]
[Result "1-0"]
[WhiteElo "2437"]
[BlackElo "2167"]
[PlyCount "0"]
[EventDate "2017.01.20"]
[EventRounds "9"]
[EventCountry "IRI"]

1. d4 {[%clk 1:30:58]} e6 {[%clk 1:29:31]} 2. c4 {[%clk 1:31:17]} Nf6
{[%clk 1:29:44]} 3. Nf3 {[%clk 1:31:41]} c5 {[%clk 1:29:52]} 4. d5
{[%clk 1:32:02]} b5 {[%clk 1:29:58]} 5. Bg5 {[%clk 1:32:22]} bxc4
{[%clk 1:29:55]} 6. Nc3 {[%clk 1:32:14]} Qb6 {[%clk 1:27:58]} 7. e4
{[%clk 1:22:41]} Qxb2 {[%clk 1:26:10]} 8. Bd2 {[%clk 1:22:31]} Ba6
{[%clk 1:22:13]} 9. Rb1 {[%clk 1:15:07]} Qa3 {[%clk 1:22:35]} 10. Qc2
{[%clk 0:59:46]} Be7 {[%clk 1:18:55]} 11. Na4 {[%clk 0:54:02]} exd5
{[%clk 1:13:06]} 12. Bc1 {[%clk 0:53:28]} Qd3 {[%clk 1:11:39]} 13. Bxd3
{[%clk 0:53:41]} cxd3 {[%clk 1:12:08]} 14. Qc3 {[%clk 0:49:24]} d4
{[%clk 1:12:01]} 15. Qa5 {[%clk 0:48:53]} d2+ {[%clk 1:08:51]} 16. Qxd2
{[%clk 0:41:22]} Nc6 {[%clk 1:07:18]} 17. e5 {[%clk 0:36:54]} Nd5
{[%clk 1:06:07]} 18. Ba3 {[%clk 0:32:58]} Ndb4 {[%clk 1:04:09]} 19. Bxb4
{[%clk 0:33:19]} Nxb4 {[%clk 1:04:37]} 20. Nxc5 {[%clk 0:32:16]} Bxc5
{[%clk 1:04:29]} 21. Rxb4 {[%clk 0:32:43]} O-O {[%clk 1:04:57]} 22. Ra4
{[%clk 0:29:18]} Rfb8 {[%clk 1:04:27]} 23. Rxa6 {[%clk 0:28:12]} Bb4
{[%clk 1:04:16]} 24. Nxd4 {[%clk 0:28:23]} Rb7 {[%clk 1:04:23]} 25. Nb3
{[%clk 0:27:08]} Re8 {[%clk 1:04:09]} 26. f4 {[%clk 0:26:50]} f6 {[%clk 1:04:24]}
27. Qxb4 {[%clk 0:26:53]} Rxb4 {[%clk 1:04:52]} 28. O-O {[%clk 0:26:59]} fxe5
{[%clk 1:02:51]} 29. fxe5 {[%clk 0:27:23]} Rxe5 {[%clk 1:03:02]} 30. Rxa7
{[%clk 0:27:44]} h5 {[%clk 1:03:21]} 31. Rxd7 {[%clk 0:27:09]} Re2
{[%clk 1:03:50]} 32. Nd4 {[%clk 0:25:50]} Rxa2 {[%clk 1:03:41]} 33. Nf5
{[%clk 0:22:50]} Rg4 {[%clk 1:02:05]} 34. g3 {[%clk 0:22:59]} Kh7
{[%clk 1:01:45]} 35. Rf2 {[%clk 0:23:09]} Ra5 {[%clk 1:01:47]} 36. Kg2
{[%clk 0:23:28]} Rg5 {[%clk 1:01:59]} 37. Rf7 {[%clk 0:23:09]} Ra4
{[%clk 1:01:49]} 38. h4 {[%clk 0:23:09]} Rg6 {[%clk 1:01:30]} 39. Kh3
{[%clk 0:23:26]} Ra3 {[%clk 1:01:48]} 40. Re2 {[%clk 0:22:47]} Rf3
{[%clk 1:02:16]} 41. Ree7 {[%clk 0:22:57]} Kh8 {[%clk 1:02:29]} 42. Rf8+
{[%clk 0:18:43]} Kh7 {[%clk 1:02:52]} 43. Ree8 {[%clk 0:18:58]} 1-0

[Event "15th International Khazar Cup (Masters) 2017"]
[Site "Rasht,Guilan,Iran"]
[Date "2017.01.26"]
[Round "8"]
[Board "12"]
[White "Valizadeh, Ali"]
[Black "Gholami, Aryan"]
[Result "1/2-1/2"]
[WhiteElo "2273"]
[BlackElo "2426"]
[PlyCount "0"]
[EventDate "2017.01.20"]
[EventRounds "9"]
[EventCountry "IRI"]

1. d4 {[%clk 1:30:39]} Nf6 {[%clk 1:30:33]} 2. c4 {[%clk 1:30:56]} e6
{[%clk 1:30:55]} 3. g3 {[%clk 1:27:12]} Bb4+ {[%clk 1:28:24]} 4. Bd2
{[%clk 1:27:39]} Qe7 {[%clk 1:27:14]} 5. Bg2 {[%clk 1:28:06]} Nc6
{[%clk 1:26:05]} 6. Nf3 {[%clk 1:28:30]} O-O {[%clk 1:26:10]} 7. O-O
{[%clk 1:28:55]} Bxd2 {[%clk 1:26:28]} 8. Qxd2 {[%clk 1:29:14]} d6
{[%clk 1:17:33]} 9. Nc3 {[%clk 1:28:55]} e5 {[%clk 1:17:20]} 10. Nd5
{[%clk 1:11:18]} Nxd5 {[%clk 1:05:06]} 11. cxd5 {[%clk 1:10:42]} Nb8
{[%clk 1:01:10]} 12. dxe5 {[%clk 1:10:55]} dxe5 {[%clk 1:01:38]} 13. Qc3
{[%clk 0:58:18]} e4 {[%clk 0:55:16]} 14. Qe5 {[%clk 0:58:34]} Re8
{[%clk 0:51:16]} 15. Qxe7 {[%clk 0:58:57]} Rxe7 {[%clk 0:51:42]} 16. Nd4
{[%clk 0:59:02]} Bd7 {[%clk 0:45:38]} 17. Rfd1 {[%clk 0:55:04]} c5
{[%clk 0:44:33]} 18. dxc6 {[%clk 0:53:57]} Nxc6 {[%clk 0:44:55]} 19. Nxc6
{[%clk 0:54:12]} Bxc6 {[%clk 0:45:18]} 20. Rd4 {[%clk 0:54:31]} f5
{[%clk 0:44:42]} 21. e3 {[%clk 0:54:08]} Kf7 {[%clk 0:39:35]} 22. Bh3
{[%clk 0:53:56]} Re5 {[%clk 0:39:10]} 23. Bf1 {[%clk 0:53:19]} Ree8
{[%clk 0:37:33]} 24. Bc4+ {[%clk 0:50:09]} Ke7 {[%clk 0:37:11]} 25. Kf1
{[%clk 0:50:20]} Red8 {[%clk 0:35:49]} 26. Rad1 {[%clk 0:49:55]} Rxd4
{[%clk 0:35:38]} 27. Rxd4 {[%clk 0:50:21]} Rd8 {[%clk 0:31:42]} 28. Rxd8
{[%clk 0:43:01]} Kxd8 {[%clk 0:32:10]} 29. Ke1 {[%clk 0:42:50]} Ke7
{[%clk 0:32:06]} 30. Kd2 {[%clk 0:43:17]} Kd6 {[%clk 0:32:01]} 31. Kc3
{[%clk 0:43:36]} Ke5 {[%clk 0:32:23]} 32. Kb4 {[%clk 0:43:53]} b6
{[%clk 0:32:46]} 33. Bg8 {[%clk 0:44:15]} h6 {[%clk 0:33:09]} 34. Kc4
{[%clk 0:44:31]} Bd7 {[%clk 0:33:12]} 35. Kb4 {[%clk 0:38:07]} Bc6
{[%clk 0:33:26]} 36. Bc4 {[%clk 0:38:33]} Bd7 {[%clk 0:33:30]} 37. a3
{[%clk 0:38:46]} Bc6 {[%clk 0:33:52]} 38. Bb5 {[%clk 0:37:55]} Bb7
{[%clk 0:34:07]} 39. Be8 {[%clk 0:38:01]} Ba6 {[%clk 0:34:28]} 40. a4
{[%clk 0:36:54]} Be2 {[%clk 0:34:39]} 41. a5 {[%clk 0:37:17]} g5 {[%clk 0:34:38]}
42. axb6 {[%clk 0:35:08]} axb6 {[%clk 0:35:06]} 43. Bb5 {[%clk 0:35:23]} Bh5
{[%clk 0:35:00]} 44. Bf1 {[%clk 0:32:47]} Be8 {[%clk 0:34:51]} 45. Bb5
{[%clk 0:28:50]} Bh5 {[%clk 0:35:14]} 1/2-1/2

[Event "15th International Khazar Cup (Masters) 2017"]
[Site "Rasht,Guilan,Iran"]
[Date "2017.01.26"]
[Round "8"]
[Board "13"]
[White "Gharibyan, Mamikon"]
[Black "Mosadeghpour, Masoud"]
[Result "1-0"]
[WhiteElo "2155"]
[BlackElo "2478"]
[PlyCount "0"]
[EventDate "2017.01.20"]
[EventRounds "9"]
[EventCountry "IRI"]

1. d4 {[%clk 1:30:55]} Nf6 {[%clk 1:23:50]} 2. c4 {[%clk 1:30:53]} g6
{[%clk 1:24:12]} 3. Nc3 {[%clk 1:30:01]} d5 {[%clk 1:24:36]} 4. cxd5
{[%clk 1:26:03]} Nxd5 {[%clk 1:24:31]} 5. Bd2 {[%clk 1:26:06]} Bg7
{[%clk 1:24:13]} 6. Nf3 {[%clk 1:25:42]} O-O {[%clk 1:24:11]} 7. Rc1
{[%clk 1:24:24]} c6 {[%clk 1:17:58]} 8. e3 {[%clk 1:22:47]} Nb6 {[%clk 1:16:06]}
9. Be2 {[%clk 1:11:16]} N8d7 {[%clk 1:15:48]} 10. O-O {[%clk 1:10:03]} Nf6
{[%clk 1:14:36]} 11. h3 {[%clk 1:06:18]} Bf5 {[%clk 1:12:08]} 12. Qb3
{[%clk 1:05:03]} Rc8 {[%clk 0:53:19]} 13. Rfd1 {[%clk 1:02:20]} Ne4
{[%clk 0:45:53]} 14. Nxe4 {[%clk 1:00:41]} Bxe4 {[%clk 0:43:28]} 15. Qa3
{[%clk 0:56:37]} Qc7 {[%clk 0:42:02]} 16. Ba5 {[%clk 0:54:06]} Bxf3
{[%clk 0:34:07]} 17. Bxf3 {[%clk 0:54:06]} e6 {[%clk 0:34:16]} 18. Qb3
{[%clk 0:46:50]} Rfd8 {[%clk 0:31:42]} 19. g3 {[%clk 0:43:58]} Bf6
{[%clk 0:27:28]} 20. Kg2 {[%clk 0:42:18]} Rd6 {[%clk 0:25:47]} 21. a4
{[%clk 0:37:22]} Bd8 {[%clk 0:23:42]} 22. e4 {[%clk 0:35:50]} Bg5
{[%clk 0:13:01]} 23. Rc3 {[%clk 0:31:18]} Rcd8 {[%clk 0:10:11]} 24. d5
{[%clk 0:30:02]} exd5 {[%clk 0:04:30]} 25. exd5 {[%clk 0:30:00]} c5
{[%clk 0:04:27]} 26. Qc2 {[%clk 0:26:22]} Qd7 {[%clk 0:00:37]} 27. b3
{[%clk 0:25:28]} Rc8 {[%clk 0:00:32]} 28. Rxc5 {[%clk 0:25:36]} Rxc5
{[%clk 0:00:57]} 29. Qxc5 {[%clk 0:26:05]} Nxa4 {[%clk 0:00:44]} 30. Qd4
{[%clk 0:20:02]} Ra6 {[%clk 0:00:32]} 31. Bb4 {[%clk 0:18:14]} Bf6
{[%clk 0:00:46]} 32. Qf4 {[%clk 0:17:46]} Nc3 {[%clk 0:00:32]} 33. Qb8+
{[%clk 0:18:03]} 1-0

[Event "15th International Khazar Cup (Masters) 2017"]
[Site "Rasht,Guilan,Iran"]
[Date "2017.01.26"]
[Round "8"]
[Board "14"]
[White "Maghsoodloo, Parham"]
[Black "Pilvaieh, Ali"]
[Result "1-0"]
[WhiteElo "2584"]
[BlackElo "2212"]
[PlyCount "0"]
[EventDate "2017.01.20"]
[EventRounds "9"]
[EventCountry "IRI"]

1. Nf3 {[%clk 1:15:06]} c5 {[%clk 1:30:49]} 2. e3 {[%clk 1:15:14]} g6
{[%clk 1:29:32]} 3. c4 {[%clk 1:15:24]} Nf6 {[%clk 1:29:32]} 4. Nc3
{[%clk 1:15:39]} Bg7 {[%clk 1:29:49]} 5. d4 {[%clk 1:16:07]} cxd4
{[%clk 1:30:10]} 6. exd4 {[%clk 1:15:59]} d5 {[%clk 1:30:26]} 7. Bg5
{[%clk 1:15:26]} O-O {[%clk 1:28:26]} 8. cxd5 {[%clk 1:07:54]} Nxd5
{[%clk 1:27:45]} 9. Qb3 {[%clk 1:07:23]} Nxc3 {[%clk 1:26:18]} 10. bxc3
{[%clk 1:07:35]} Nc6 {[%clk 1:25:55]} 11. Rd1 {[%clk 0:58:11]} Qc7
{[%clk 1:19:16]} 12. Be2 {[%clk 0:51:42]} Be6 {[%clk 1:04:26]} 13. Qa3
{[%clk 0:51:27]} Bd5 {[%clk 1:04:38]} 14. O-O {[%clk 0:51:10]} h6
{[%clk 0:54:48]} 15. Be3 {[%clk 0:48:20]} Qa5 {[%clk 0:49:05]} 16. Qc1
{[%clk 0:46:32]} Qxa2 {[%clk 0:46:16]} 17. Rd2 {[%clk 0:44:21]} Qa5
{[%clk 0:44:47]} 18. Rb2 {[%clk 0:42:37]} Rac8 {[%clk 0:35:25]} 19. Rb5
{[%clk 0:37:57]} Qd8 {[%clk 0:34:01]} 20. Rd1 {[%clk 0:36:03]} a6
{[%clk 0:31:52]} 21. Rxb7 {[%clk 0:31:13]} Na5 {[%clk 0:28:14]} 22. Rb1
{[%clk 0:27:07]} Qd6 {[%clk 0:25:28]} 23. Ne5 {[%clk 0:18:28]} Be4
{[%clk 0:18:12]} 24. Rb2 {[%clk 0:16:42]} Bxe5 {[%clk 0:16:42]} 25. dxe5
{[%clk 0:16:45]} Qxe5 {[%clk 0:17:10]} 26. Bxa6 {[%clk 0:07:43]} Rxc3
{[%clk 0:15:55]} 27. Qa1 {[%clk 0:08:06]} Rb3 {[%clk 0:11:51]} 28. Bd4
{[%clk 0:06:33]} Qg5 {[%clk 0:11:34]} 29. f4 {[%clk 0:05:24]} Qg4
{[%clk 0:10:32]} 30. Re2 {[%clk 0:05:43]} Ra8 {[%clk 0:02:39]} 31. Rxe4
{[%clk 0:04:02]} Rxa6 {[%clk 0:03:07]} 32. Rxe7 {[%clk 0:03:28]} Rb8
{[%clk 0:01:43]} 33. Rde1 {[%clk 0:03:14]} Rf8 {[%clk 0:00:33]} 34. Bg7
{[%clk 0:02:55]} Nc6 {[%clk 0:00:54]} 35. Qxa6 {[%clk 0:03:08]} Nxe7
{[%clk 0:01:03]} 36. Bxf8 {[%clk 0:03:33]} Kxf8 {[%clk 0:01:25]} 37. Qd6
{[%clk 0:04:02]} 1-0

[Event "15th International Khazar Cup (Masters) 2017"]
[Site "Rasht,Guilan,Iran"]
[Date "2017.01.27"]
[Round "9"]
[Board "2"]
[White "Pourramezanali, Amirreza"]
[Black "Berkes, Ferenc"]
[Result "0-1"]
[WhiteElo "2496"]
[BlackElo "2648"]
[PlyCount "0"]
[EventDate "2017.01.20"]
[EventRounds "9"]
[EventCountry "IRI"]

1. e4 {[%clk 1:29:51]} Nf6 {[%clk 1:30:52]} 2. e5 {[%clk 1:29:52]} Nd5
{[%clk 1:31:15]} 3. d4 {[%clk 1:30:14]} d6 {[%clk 1:31:39]} 4. Nf3
{[%clk 1:30:24]} dxe5 {[%clk 1:31:49]} 5. Nxe5 {[%clk 1:30:46]} c6
{[%clk 1:32:09]} 6. Be2 {[%clk 1:31:12]} Bf5 {[%clk 1:32:31]} 7. O-O
{[%clk 1:31:28]} Nd7 {[%clk 1:32:57]} 8. Nf3 {[%clk 1:31:54]} e6 {[%clk 1:33:17]}
9. c4 {[%clk 1:32:19]} N5f6 {[%clk 1:33:42]} 10. Nc3 {[%clk 1:32:45]} Ne4
{[%clk 1:33:38]} 11. Nxe4 {[%clk 1:27:33]} Bxe4 {[%clk 1:33:59]} 12. Ng5
{[%clk 1:24:33]} Bg6 {[%clk 1:34:12]} 13. d5 {[%clk 1:24:17]} exd5
{[%clk 1:34:14]} 14. cxd5 {[%clk 1:24:23]} Be7 {[%clk 1:34:37]} 15. dxc6
{[%clk 1:06:43]} bxc6 {[%clk 1:34:55]} 16. Nf3 {[%clk 1:05:04]} O-O
{[%clk 1:34:59]} 17. Be3 {[%clk 1:05:25]} Bf6 {[%clk 1:23:25]} 18. Bd4
{[%clk 1:02:38]} Re8 {[%clk 1:21:46]} 19. Re1 {[%clk 1:01:26]} Qa5
{[%clk 1:15:18]} 20. Bxf6 {[%clk 0:53:31]} Nxf6 {[%clk 1:15:33]} 21. Qd2
{[%clk 0:45:05]} Qb6 {[%clk 1:15:12]} 22. Qd4 {[%clk 0:34:23]} c5
{[%clk 1:14:31]} 23. Qc3 {[%clk 0:34:47]} Ne4 {[%clk 1:07:55]} 24. Qb3
{[%clk 0:34:50]} Qf6 {[%clk 1:07:48]} 25. Qa3 {[%clk 0:26:17]} Rab8
{[%clk 1:06:15]} 26. b3 {[%clk 0:25:10]} a5 {[%clk 0:50:34]} 27. Bd3
{[%clk 0:21:39]} h6 {[%clk 0:43:27]} 28. Qxa5 {[%clk 0:18:15]} Ra8
{[%clk 0:42:48]} 29. Qc7 {[%clk 0:18:37]} Re7 {[%clk 0:38:43]} 30. Bxe4
{[%clk 0:18:56]} Rxc7 {[%clk 0:39:03]} 31. Bxa8 {[%clk 0:19:24]} Rd7
{[%clk 0:31:30]} 32. h3 {[%clk 0:17:13]} Kh7 {[%clk 0:28:13]} 33. Ne5
{[%clk 0:12:46]} Rd2 {[%clk 0:28:29]} 34. Bf3 {[%clk 0:13:10]} Qh4
{[%clk 0:26:52]} 35. Rf1 {[%clk 0:06:38]} Qd4 {[%clk 0:26:03]} 36. Nxg6
{[%clk 0:07:06]} Rxf2 {[%clk 0:25:54]} 37. Nf8+ {[%clk 0:05:24]} Kg8
{[%clk 0:26:18]} 38. Rxf2 {[%clk 0:05:51]} Qxa1+ {[%clk 0:26:40]} 39. Rf1
{[%clk 0:06:16]} Qd4+ {[%clk 0:24:19]} 40. Kh1 {[%clk 0:06:44]} Kxf8
{[%clk 0:24:37]} 41. Bh5 {[%clk 0:05:12]} Ke7 {[%clk 0:12:14]} 42. Bxf7
{[%clk 0:05:04]} g5 {[%clk 0:11:58]} 43. Bc4 {[%clk 0:02:07]} h5 {[%clk 0:12:18]}
44. a4 {[%clk 0:02:27]} Qc3 {[%clk 0:10:00]} 45. Rf3 {[%clk 0:02:26]} Qe1+
{[%clk 0:10:24]} 46. Rf1 {[%clk 0:02:52]} Qd2 {[%clk 0:10:42]} 47. Kg1
{[%clk 0:01:54]} Kd6 {[%clk 0:09:37]} 48. Rf6+ {[%clk 0:01:11]} Ke5
{[%clk 0:09:36]} 49. Re6+ {[%clk 0:01:32]} Kf5 {[%clk 0:09:23]} 50. Re2
{[%clk 0:01:55]} Qc3 {[%clk 0:08:39]} 51. Kf2 {[%clk 0:01:59]} Kf4
{[%clk 0:08:47]} 52. Ra2 {[%clk 0:01:39]} g4 {[%clk 0:07:31]} 53. hxg4
{[%clk 0:02:01]} hxg4 {[%clk 0:07:56]} 54. a5 {[%clk 0:00:45]} g3+
{[%clk 0:08:18]} 55. Kf1 {[%clk 0:00:39]} Qd4 {[%clk 0:05:37]} 56. Ke1
{[%clk 0:00:38]} Qg1+ {[%clk 0:05:23]} 57. Bf1 {[%clk 0:01:06]} Qe3+
{[%clk 0:05:45]} 58. Kd1 {[%clk 0:01:16]} Qxb3+ {[%clk 0:06:09]} 59. Rc2
{[%clk 0:01:39]} Ke3 {[%clk 0:04:56]} 60. Kc1 {[%clk 0:01:53]} Qa3+
{[%clk 0:05:14]} 61. Kb1 {[%clk 0:01:46]} Qb4+ {[%clk 0:05:24]} 62. Ka2
{[%clk 0:02:22]} Qxa5+ {[%clk 0:05:48]} 63. Kb2 {[%clk 0:02:47]} Qb6+
{[%clk 0:04:25]} 64. Ka2 {[%clk 0:02:03]} Qa7+ {[%clk 0:04:43]} 65. Kb1
{[%clk 0:01:57]} Qb8+ {[%clk 0:04:07]} 66. Ka2 {[%clk 0:01:13]} Qb4
{[%clk 0:03:56]} 67. Bc4 {[%clk 0:00:33]} Kd4 {[%clk 0:04:20]} 68. Be2
{[%clk 0:00:34]} Qa5+ {[%clk 0:04:22]} 69. Kb2 {[%clk 0:00:43]} Qb6+
{[%clk 0:04:50]} 70. Kc1 {[%clk 0:00:48]} Qb4 {[%clk 0:04:26]} 71. Kd1
{[%clk 0:00:35]} Ke3 {[%clk 0:04:20]} 72. Bc4 {[%clk 0:00:58]} Qb1+
{[%clk 0:04:34]} 73. Rc1 {[%clk 0:01:27]} Qb2 {[%clk 0:04:51]} 74. Rc2
{[%clk 0:01:42]} Qd4+ {[%clk 0:04:48]} 0-1

[Event "15th International Khazar Cup (Masters) 2017"]
[Site "Rasht,Guilan,Iran"]
[Date "2017.01.27"]
[Round "9"]
[Board "3"]
[White "Tarlev, Konstantin"]
[Black "Idani, Pouya"]
[Result "1/2-1/2"]
[WhiteElo "2592"]
[BlackElo "2552"]
[PlyCount "0"]
[EventDate "2017.01.20"]
[EventRounds "9"]
[EventCountry "IRI"]

1. d4 {[%clk 1:30:27]} Nf6 {[%clk 1:23:12]} 2. Nf3 {[%clk 1:30:44]} e6
{[%clk 1:23:35]} 3. c4 {[%clk 1:31:05]} d5 {[%clk 1:23:36]} 4. e3
{[%clk 1:28:52]} c5 {[%clk 1:23:25]} 5. Nc3 {[%clk 1:28:52]} Nc6 {[%clk 1:23:52]}
6. a3 {[%clk 1:29:11]} a6 {[%clk 1:24:19]} 7. Ne5 {[%clk 1:21:46]} Bd6
{[%clk 1:21:46]} 8. Nxc6 {[%clk 1:21:42]} bxc6 {[%clk 1:22:11]} 9. Be2
{[%clk 1:21:27]} O-O {[%clk 1:21:18]} 10. dxc5 {[%clk 1:15:30]} Bxc5
{[%clk 1:21:29]} 11. b4 {[%clk 1:15:57]} Bd6 {[%clk 1:20:18]} 12. Bb2
{[%clk 1:15:44]} a5 {[%clk 1:16:22]} 13. b5 cxb5 14. Nxb5 Be7 15. O-O Bb7 16. Bf3
Rc8 17. Rc1 Ba6 18. Ra1 Bb7 1/2-1/2

[Event "15th International Khazar Cup (Masters) 2017"]
[Site "Rasht,Guilan,Iran"]
[Date "2017.01.27"]
[Round "9"]
[Board "4"]
[White "Tabatabaei, M.Amin"]
[Black "Ghaem Maghami, Ehsan"]
[Result "1-0"]
[WhiteElo "2493"]
[BlackElo "2574"]
[PlyCount "0"]
[EventDate "2017.01.20"]
[EventRounds "9"]
[EventCountry "IRI"]

1. d4 {[%clk 1:21:37]} Nf6 {[%clk 1:30:34]} 2. Nf3 {[%clk 1:22:00]} e6
{[%clk 1:29:08]} 3. Bf4 {[%clk 1:22:24]} d5 {[%clk 1:23:00]} 4. e3
{[%clk 1:22:26]} Bd6 {[%clk 1:23:19]} 5. c3 {[%clk 1:19:47]} O-O {[%clk 1:22:48]}
6. Nbd2 {[%clk 1:19:59]} c5 {[%clk 1:17:03]} 7. Bg3 {[%clk 1:20:07]} Qc7
{[%clk 1:09:36]} 8. dxc5 {[%clk 1:08:09]} Qxc5 {[%clk 1:04:07]} 9. Bd3
{[%clk 1:08:21]} Nbd7 {[%clk 1:00:03]} 10. e4 {[%clk 1:04:45]} Bxg3
{[%clk 0:41:49]} 11. hxg3 {[%clk 1:05:00]} dxe4 {[%clk 0:42:12]} 12. Nxe4
{[%clk 1:02:43]} Nxe4 {[%clk 0:42:22]} 13. Bxe4 {[%clk 1:03:06]} Nf6
{[%clk 0:42:46]} 14. Qc2 {[%clk 1:00:33]} h6 {[%clk 0:42:11]} 15. O-O
{[%clk 0:43:17]} Bd7 {[%clk 0:39:42]} 16. Rfd1 {[%clk 0:38:14]} Qc7
{[%clk 0:25:41]} 17. Rd2 {[%clk 0:37:48]} Rad8 {[%clk 0:24:40]} 18. Rad1
{[%clk 0:38:05]} Nxe4 {[%clk 0:22:50]} 19. Qxe4 {[%clk 0:38:06]} Bc6
{[%clk 0:23:13]} 20. Qe5 {[%clk 0:36:35]} Rxd2 {[%clk 0:22:47]} 21. Rxd2
{[%clk 0:36:58]} Rc8 {[%clk 0:21:55]} 22. Qe3 {[%clk 0:23:29]} a6
{[%clk 0:16:51]} 23. Rd4 {[%clk 0:14:05]} Rd8 {[%clk 0:12:41]} 24. Ne5
{[%clk 0:10:39]} Rxd4 {[%clk 0:05:45]} 25. Qxd4 {[%clk 0:10:44]} Bd5
{[%clk 0:05:38]} 26. c4 {[%clk 0:05:39]} f6 {[%clk 0:05:50]} 27. cxd5
{[%clk 0:06:06]} fxe5 {[%clk 0:06:09]} 28. Qe4 {[%clk 0:06:32]} exd5
{[%clk 0:06:26]} 29. Qxd5+ {[%clk 0:07:01]} Kf8 {[%clk 0:06:31]} 30. b4
{[%clk 0:07:16]} Ke7 {[%clk 0:05:57]} 31. Kh2 {[%clk 0:06:39]} b5
{[%clk 0:05:03]} 32. Qg8 {[%clk 0:04:28]} Kf6 {[%clk 0:04:32]} 33. f3
{[%clk 0:01:56]} Qd6 {[%clk 0:04:04]} 34. a3 {[%clk 0:02:01]} Kg6
{[%clk 0:03:02]} 35. Qa8 {[%clk 0:02:23]} Kf6 {[%clk 0:03:11]} 36. Qc8
{[%clk 0:01:52]} Kf7 {[%clk 0:02:42]} 37. Qf5+ {[%clk 0:02:03]} Ke7
{[%clk 0:02:59]} 38. Qe4 {[%clk 0:02:08]} Kf6 {[%clk 0:02:58]} 39. g4
{[%clk 0:02:10]} g6 {[%clk 0:01:13]} 40. Kg3 {[%clk 0:02:19]} Kf7
{[%clk 0:01:08]} 41. Kh3 {[%clk 0:01:56]} Kf6 {[%clk 0:01:00]} 42. Qe3
{[%clk 0:02:02]} g5 {[%clk 0:01:03]} 43. Qe4 {[%clk 0:02:02]} Ke7
{[%clk 0:01:11]} 44. Kg3 {[%clk 0:01:44]} Kd7 {[%clk 0:01:23]} 45. Kf2
{[%clk 0:01:29]} Qd2+ {[%clk 0:00:59]} 46. Qe2 {[%clk 0:01:48]} Qd6
{[%clk 0:01:12]} 47. Qc2 {[%clk 0:01:32]} Qd4+ {[%clk 0:00:38]} 48. Ke2
{[%clk 0:01:54]} Ke7 {[%clk 0:00:33]} 49. Qh7+ {[%clk 0:01:39]} Ke8
{[%clk 0:00:57]} 50. Qxh6 {[%clk 0:01:24]} Qb2+ {[%clk 0:01:14]} 51. Kf1
{[%clk 0:01:49]} Qxa3 {[%clk 0:00:51]} 52. Qxg5 {[%clk 0:01:39]} Qxb4
{[%clk 0:00:39]} 53. Qg6+ {[%clk 0:01:03]} Ke7 {[%clk 0:00:40]} 54. g5
{[%clk 0:00:52]} Qc4+ {[%clk 0:00:53]} 55. Kf2 {[%clk 0:01:16]} Qd4+
{[%clk 0:00:54]} 56. Kg3 {[%clk 0:01:27]} b4 {[%clk 0:00:39]} 57. Kh3
{[%clk 0:00:45]} Qd7+ {[%clk 0:00:36]} 58. g4 {[%clk 0:01:04]} b3
{[%clk 0:00:35]} 59. Qf6+ {[%clk 0:01:24]} Ke8 {[%clk 0:01:00]} 60. g6
{[%clk 0:01:00]} Qd5 {[%clk 0:00:39]} 61. g7 {[%clk 0:00:51]} Qg8
{[%clk 0:00:32]} 62. g5 {[%clk 0:00:38]} a5 {[%clk 0:00:32]} 63. Kg4
{[%clk 0:00:33]} a4 {[%clk 0:00:39]} 64. Qxe5+ {[%clk 0:00:37]} Kf7
{[%clk 0:00:47]} 65. Qf6+ {[%clk 0:00:43]} Ke8 {[%clk 0:01:16]} 66. f4
{[%clk 0:00:41]} a3 {[%clk 0:01:27]} 67. Qc6+ {[%clk 0:00:58]} Kf7
{[%clk 0:01:37]} 68. Qf6+ {[%clk 0:01:21]} Ke8 {[%clk 0:02:07]} 69. Qc6+
{[%clk 0:01:02]} Kf7 {[%clk 0:02:35]} 70. Qb7+ {[%clk 0:00:49]} Ke8
{[%clk 0:02:40]} 71. Qb8+ {[%clk 0:00:39]} Kf7 {[%clk 0:03:01]} 72. Qb7+
{[%clk 0:00:44]} Ke8 {[%clk 0:03:10]} 73. g6 {[%clk 0:01:07]} Qe6+
{[%clk 0:03:22]} 74. Kg5 {[%clk 0:01:31]} b2 {[%clk 0:02:52]} 75. g8=Q+
{[%clk 0:01:15]} Qxg8 {[%clk 0:03:13]} 76. Qc8+ {[%clk 0:01:39]} Ke7
{[%clk 0:03:38]} 77. Qxg8 {[%clk 0:02:06]} b1=Q {[%clk 0:04:02]} 78. Qf7+
{[%clk 0:02:31]} Kd6 {[%clk 0:03:32]} 7

[Event "15th International Khazar Cup (Masters) 2017"]
[Site "Rasht,Guilan,Iran"]
[Date "2017.01.27"]
[Round "9"]
[Board "5"]
[White "Zubov, Alexander"]
[Black "Lorparizangeneh, Shahin"]
[Result "1/2-1/2"]
[WhiteElo "2606"]
[BlackElo "2504"]
[PlyCount "0"]
[EventDate "2017.01.20"]
[EventRounds "9"]
[EventCountry "IRI"]

1. d4 {[%clk 1:30:02]} Nf6 {[%clk 1:23:23]} 2. c4 {[%clk 1:25:25]} g6
{[%clk 1:23:41]} 3. Nc3 {[%clk 1:25:50]} d5 {[%clk 1:24:07]} 4. e3
{[%clk 1:26:13]} Bg7 {[%clk 1:24:31]} 5. Qb3 {[%clk 1:26:41]} e6 {[%clk 1:24:53]}
6. Nf3 {[%clk 1:27:10]} O-O {[%clk 1:25:14]} 7. Be2 {[%clk 1:27:37]} b6
{[%clk 1:25:35]} 8. cxd5 {[%clk 1:26:12]} exd5 {[%clk 1:25:58]} 9. O-O
{[%clk 1:23:10]} Re8 {[%clk 1:24:38]} 10. Rd1 {[%clk 1:22:16]} c6
{[%clk 1:23:21]} 11. Qc2 {[%clk 1:16:44]} Bf5 {[%clk 1:19:20]} 12. Bd3
{[%clk 1:16:47]} Bxd3 {[%clk 1:07:45]} 13. Qxd3 {[%clk 1:16:52]} Ne4
{[%clk 1:07:49]} 14. Qc2 {[%clk 1:13:27]} Nd6 {[%clk 1:04:04]} 15. Ne2
{[%clk 1:06:41]} a5 {[%clk 1:02:08]} 16. Bd2 {[%clk 0:52:51]} Qe7
{[%clk 1:01:09]} 17. a4 {[%clk 0:45:47]} Qe4 {[%clk 0:53:55]} 18. Qc1
{[%clk 0:38:46]} Rc8 {[%clk 0:50:24]} 19. b4 {[%clk 0:37:20]} axb4
{[%clk 0:43:52]} 20. Bxb4 {[%clk 0:37:01]} Nb7 {[%clk 0:39:56]} 21. Qd2
{[%clk 0:27:34]} Nd7 {[%clk 0:39:08]} 22. a5 {[%clk 0:27:19]} bxa5
{[%clk 0:36:17]} 23. Bxa5 {[%clk 0:27:34]} Nd6 {[%clk 0:36:28]} 24. Bc3
{[%clk 0:24:10]} Nc4 {[%clk 0:35:47]} 25. Qe1 {[%clk 0:24:25]} Ndb6
{[%clk 0:35:26]} 26. Ng3 {[%clk 0:18:32]} Qe8 {[%clk 0:34:28]} 27. Nd2
{[%clk 0:15:57]} Rxa1 {[%clk 0:33:04]} 28. Rxa1 {[%clk 0:16:05]} Ra8
{[%clk 0:32:52]} 29. Nxc4 {[%clk 0:15:48]} Nxc4 {[%clk 0:33:15]} 30. Bb4
{[%clk 0:13:32]} Qb8 {[%clk 0:31:32]} 31. Bc5 {[%clk 0:12:38]} Rxa1
{[%clk 0:31:18]} 32. Qxa1 {[%clk 0:13:07]} Nd2 {[%clk 0:31:13]} 33. Nf1
{[%clk 0:09:41]} Nxf1 {[%clk 0:30:29]} 34. Qxf1 {[%clk 0:09:41]} Bf8
{[%clk 0:30:40]} 35. Bxf8 {[%clk 0:10:01]} 1/2-1/2